| 000 | 00827cab a2200253 4500 | ||
|---|---|---|---|
| 001 | WB3448-22 | ||
| 008 | 090401t1998 xxu||||| |||| 00| 0 eng d | ||
| 035 | _a(Sirsi) u90350 | ||
| 041 | _aeng | ||
| 245 | _aPlea to use empty homes | ||
| 260 | _c1998 | ||
| 350 | _a0 | ||
| 490 |
_aFinancial Times _v16 December 1998, 13(1) |
||
| 520 | _aCPRE claims that vacant housing in the north of England is equivalent to a city the size of Sheffield. The council urges the government to use empty buildings to create new homes rather than build on greenfield sites. | ||
| 650 | _aEMPTY HOMES | ||
| 650 | _aGREENFIELD DEVELOPMENT | ||
| 650 | _aGREENFIELD SITES | ||
| 650 | _aHOUSE BUILDING | ||
| 650 | _aHOUSEHOLD PROJECTIONS | ||
| 650 | _aNEW HOMES | ||
| 690 | _aHOUSING-DEVELOPMENT | ||
| 942 | _n0 | ||
| 948 | _c16/12/1998 | ||
| 999 |
_c57279 _d57279 |
||